000 00754nas a2200241 4500
001 BR0804122
003 BR-BrBNA
005 20231205111749.0
007 ta
008 230509b bl.|||p| |||| 00| 00por d
040 _aBR-BrBNA
_bpor
_cBiblioteca Nacional de Agricultura
041 _a(Pt)
072 _aL01
100 1 _aRibeiro, L.A.O.
100 1 _aRodrigues, N.C.
100 1 _aSmiderle, W.
245 1 _aCausas limitantes da produtividade ovina na metade sul do RS e soluções economicamente executáveis
650 _aOVINO
650 _aPRODUÇÃO ANIMAL
773 0 _tA Hora Veterinária (Brazil)
_xISSN 0101-9163
_g(Sep-Oct 2006), v. 26(153) p. 31-34
_wBR0804122
909 _a202311
_bLúcia
_c55
_dLúcia Elande
942 _2AGRIS
_n0
_cANA
999 _c194368
_d194368